| 000 | 00332nam a22001457a 4500 | ||
|---|---|---|---|
| 003 | SGT | ||
| 020 | _a9788171773411 | ||
| 082 |
_a346.0482 _bNAR |
||
| 100 | _aNARAYANAN P | ||
| 245 | _aLAW OF COPYRIGHT AND INDUSTRIAL DESIGNS | ||
| 250 | _a4 | ||
| 260 |
_aKOLKATA _bEASTERN LAW HOUSE _c2019 |
||
| 300 | _a44 ,1135 | ||
| 942 |
_2ddc _cBK |
||
| 999 |
_c24016 _d24016 |
||